Statistiche per Riconosci lo Stato - Quiz n°13

Clicka qui per fare il quiz!

Statistiche generali

  • Questo quiz è stato fatto 15 volte
  • Il punteggio medio è 12 su 13

Statistiche sulle risposte

IndizioRisposta% Corretto
Presidente della RepubblicaKaterina Sakellaropoulou
100%
Tasso di crescita-0,01%
93%
ISU0,887
93%
Popolazione10 432 481 ab.
93%
Superficie131 940 km²
93%
PIL (nominale)219 097 milioni di $
93%
Iniziale della CapitaleA
93%
Indipendenzadall'Impero ottomano,
1º gennaio 1822
93%
ValutaEuro
93%
Forma di GovernoRepubblica parlamentare
93%
Fuso OrarioUTC+2
UTC+3 in ora legale
93%
RispostaGrecia
87%
Presidente del ConsiglioKyriakos Mītsotakīs
87%

Distribuzione punteggi

Percentile per numero di risposta

Percentuale di utenti per punteggio

I tuoi punteggi nel tempo

Non hai fatto questo quiz